| 000 | 01493cam a2200361 4500 | ||
|---|---|---|---|
| 001 | ABS64018 | ||
| 008 | 000000n2001 000 0 eng u | ||
| 035 | _a(Sirsi) u112874 | ||
| 100 | _aCheffings, N. | ||
| 245 | _aWeighed in the balance | ||
| 260 | _c2001 | ||
| 490 |
_aEstates Gazette _v(0120) 19 May 2001, 220-221(2) |
||
| 520 | _aExamines the use of the Human Rights Act 1998 in property related cases, and discusses recent case law concerned with the following issues: the planning system; distress for rent; adverse possession; trespassing; harassment of neighbours. Suggests there is a danger of lawyers using the Act for inappropriate situations, and stresses the importance of balancing the rights of an individual against wider public interest in a proportionate way. | ||
| 590 | _aABS | ||
| 650 | _aHUMAN RIGHTS ACT 1998 | ||
| 650 | _aPLANNING SYSTEM | ||
| 650 | _aPROPERTY INDUSTRY | ||
| 650 | _aR V SOS ENVIRONMENT EX P HOLDING AND BARNES PLC | ||
| 650 | _aFULLER V HAPPY SHOPPER MARKETS | ||
| 650 | _aJA PYE (OXFORD) LTD V GRAHAM | ||
| 650 | _aR V HILLINGDON LBC EX P WARD | ||
| 650 | _aLAMBETH LBC V HOWARD | ||
| 650 | _aR V PERRY | ||
| 650 | _aAROGUNDADE V BRENT LBC | ||
| 650 | _aDANIELS V WALKER | ||
| 650 | _aDISTRESS FOR RENT | ||
| 650 | _aADVERSE POSSESSION | ||
| 650 | _aTRESPASSING | ||
| 650 | _aNEIGHBOUR DISPUTES | ||
| 650 | _aCONVENTION FOR THE PROTECTION OF HUMAN RIGHTS AND FUNDAMENTAL FREEDOMS | ||
| 690 | _aLAW | ||
| 942 | _n0 | ||
| 999 |
_c67192 _d67192 |
||